Statistics for 10 Biggest Cities in Nicaragua, Madagascar and Serbia

Click here to take the quiz!

General Stats

  • This quiz has been taken 119 times
    (74 since last reset)
  • The average score is 5 of 10

Answer Stats

PopulationCity% Correct
1,273,000Belgrade
97%
1,391,000Antananarivo
85%
215,000Novi Sad
81%
973,000Managua
76%
250,000Nis
61%
156,000Kragujevac
42%
211,000León
24%
186,000Antsirabe
10%
167,000Fianarantsoa
8%
206,000Tomasina
3%

Score Distribution

Percentile by Number Answered

Percent of People with Each Score

Your Score History

You have not taken this quiz since the last reset